| 000 | 00411nam a22001817a 4500 | ||
|---|---|---|---|
| 003 | NUST | ||
| 020 | _a9788131711309 | ||
| 038 | _aKhadija | ||
| 082 |
_a658.7 _bCHO |
||
| 100 |
_aChopra, Sunil _986307 |
||
| 245 |
_aSupply Chain Management _cSunil Chopra |
||
| 250 | _a3rd | ||
| 260 |
_aNew Delhi: _bPearson; _c2009. |
||
| 300 |
_a643. p; _b22 cm. |
||
| 500 | _aPaperback. | ||
| 563 | _aPB | ||
| 942 |
_cBK _2ddc |
||
| 999 |
_c32568 _d32568 |
||